Topografía general y aplicada / (Registro nro. 485)
[ vista simple ]
| 000 -LEADER | |
|---|---|
| fixed length control field | 01692nam a2200301Ia 4500 |
| 003 - CONTROL NUMBER IDENTIFIER | |
| control field | PE SENCICO BE |
| 005 - DATE AND TIME OF LATEST TRANSACTION | |
| control field | 20251020182439.0 |
| 008 - FIXED-LENGTH DATA ELEMENTS--GENERAL INFORMATION | |
| fixed length control field | 200515s9999 xx 000 0 und d |
| 020 ## - INTERNATIONAL STANDARD BOOK NUMBER | |
| International Standard Book Number | 84-7114-721-1 |
| 040 ## - CATALOGING SOURCE | |
| Original cataloging agency | PE SENCICO BE |
| Transcribing agency | PE SENCICO BE |
| 041 ## - LANGUAGE CODE | |
| Language code of text/sound track or separate title | spa |
| 082 ## - DEWEY DECIMAL CLASSIFICATION NUMBER | |
| Classification number | 526.9 |
| Item number | D74 1998 |
| 100 1# - MAIN ENTRY--PERSONAL NAME | |
| Personal name | Dominguez García-Tejero, Francisco |
| 9 (RLIN) | 3243 |
| Relator term | autor |
| 245 10 - TITLE STATEMENT | |
| Title | Topografía general y aplicada / |
| Statement of responsibility, etc. | Francisco Dominguez García-Tejero |
| 250 ## - EDITION STATEMENT | |
| Edition statement | 13a ed. |
| 260 ## - PUBLICATION, DISTRIBUTION, ETC. | |
| Place of publication, distribution, etc. | Madrid : |
| Name of publisher, distributor, etc. | Mundi-Prensa ; |
| Date of publication, distribution, etc. | 1998 |
| 300 ## - PHYSICAL DESCRIPTION | |
| Extent | 811 páginas : |
| Other physical details | ilustraciones, tablas, gráficos ; |
| Dimensions | 23 cm. |
| 505 0# - FORMATTED CONTENTS NOTE | |
| Formatted contents note | Concepto de geodesia -- Concepto de topografía -- Elementos de instrumentos topográficos -- El teodolito -- Taquímetros ópticos y electrónicos -- La brújula -- Plancheta y alidada -- Instrumentos altimétricos -- Métodos planimétricos -- Métodos alimétricos -- Planimetría -- Altimetría -- Taquimetría óptica y electrónica -- Elección de métodos y de instrumentos -- Determinación de la meridiana -- Representación plana del esferoide -- Antecedentes para su estudio -- Estereofotogrametría terrestre -- Esterofotogrametría aérea -- Triangulación aérea -- Fotoplanos y ortofotoplanos -- Agrimensura -- Levantamiento de grandes zonas parceladas -- Levantamientos subterráneos -- Aplicaciones de la topografía a la redacción de proyectos -- Replanteos |
| 650 10 - SUBJECT ADDED ENTRY--TOPICAL TERM | |
| Topical term or geographic name entry element | Topografía |
| 9 (RLIN) | 4 |
| 650 20 - SUBJECT ADDED ENTRY--TOPICAL TERM | |
| Topical term or geographic name entry element | Cartografía |
| 9 (RLIN) | 1 |
| 650 20 - SUBJECT ADDED ENTRY--TOPICAL TERM | |
| Topical term or geographic name entry element | Fotogrametría |
| 9 (RLIN) | 120 |
| 650 20 - SUBJECT ADDED ENTRY--TOPICAL TERM | |
| Topical term or geographic name entry element | Altimetría |
| 9 (RLIN) | 3228 |
| 650 20 - SUBJECT ADDED ENTRY--TOPICAL TERM | |
| Topical term or geographic name entry element | Instrumentos de topografía |
| 9 (RLIN) | 997 |
| 650 20 - SUBJECT ADDED ENTRY--TOPICAL TERM | |
| Topical term or geographic name entry element | Métodos topográficos |
| 9 (RLIN) | 1235 |
| 650 20 - SUBJECT ADDED ENTRY--TOPICAL TERM | |
| Topical term or geographic name entry element | GPS |
| 9 (RLIN) | 911 |
| 650 20 - SUBJECT ADDED ENTRY--TOPICAL TERM | |
| Topical term or geographic name entry element | Planimetría |
| 9 (RLIN) | 1232 |
| 942 ## - ADDED ENTRY ELEMENTS (KOHA) | |
| Koha item type | Libros |
| Source of classification or shelving scheme | Dewey Decimal Classification |
| Fecha de la última vez que lo usaron | Número de ingreso o de inventario | Pago total | Signatura topográfica completa | Código de barras | Precio efectivo desde | Tipo de documento | Estado perdido | Sistema de clasificación | Estado dañado | No es para préstamo | Retirado | Ubicación permanente | Ubicación actual | Fecha de adquisición |
|---|---|---|---|---|---|---|---|---|---|---|---|---|---|---|
| 15/05/2020 | 10213 | 526.9/D74/1998 | BibLima25070060 | 15/05/2020 | Libros | Dewey Decimal Classification | Biblioteca Central Lima | Biblioteca Central Lima | 15/05/2020 |